000 00694nam a2200229 u 4500
005 20240924071232.0
008 080521s2005 r 000 0 eng d
020 _a9803951025
035 _aUPN01000156123
049 _aI
050 4 _aHT1521
_bG3.34
100 1 _aGarcía, Erika
_934155
245 1 3 _aLa discriminación en la sociedad /
_cErika García ; il. Walter Sorg.
260 _aMéxico :
_bEl Nacional,
_cc2005.
300 _a16 p. :
_bprincipalmente il. col.
440 0 _aBrújula de papel
650 7 _aDiscriminación racial
_2
_94625
650 2 _aDiscriminación social
_99195
650 4 _aLiteratura infantil
_94445
700 1 _aSorg, Walter,
_eil.
905 _aInfantil
999 _c128237
_d128237